| 000 | 004400000a22001810004500 | ||
|---|---|---|---|
| 003 | MACL | ||
| 005 | 20160112130100.0 | ||
| 008 | 160112b xxu||||| |||| 00| 0 eng d | ||
| 040 |
_aMACL _cMACL |
||
| 041 | _aEnglish | ||
| 082 | _a923/LAL | ||
| 100 |
_aLala, R M _931201 |
||
| 245 | _aEncounters With the Eminent | ||
| 260 |
_bIBH Publishing co. _c1981 _aBombay |
||
| 350 | _a20 | ||
| 650 |
_aBiography _931202 |
||
| 942 |
_cBK _k923/Lal _2ddc |
||
| 999 |
_c34478 _d34478 |
||